| 000 | 01268cam a22003135a 4500 | ||
|---|---|---|---|
| 001 | 18058363 | ||
| 005 | 20150602151154.0 | ||
| 008 | 140306s2013 enka frb 001 0 eng d | ||
| 020 | _a1137395915 (cloth) | ||
| 020 | _a9781137395917 (cloth) | ||
| 040 |
_aDLC _cDLC _dEG-ScBUE |
||
| 043 | _af-ua--- | ||
| 082 | 0 | 4 |
_222 _a330.962055 _bROC |
| 100 | 1 |
_aRoccu, Roberto. _938051 |
|
| 245 | 1 | 4 |
_aThe political economy of the Egyptian revolution : _bMubarak, economic reforms and failed hegemony / _cRoberto Roccu. |
| 260 |
_aBasingstoke ; _aNew York : _bPalgrave Macmillan, _c2013. |
||
| 300 |
_ax, 139 p. : _btables ; _c22 cm. |
||
| 500 | _aIndex : p. 136-139. | ||
| 504 | _aBibliography : p. 122-135. | ||
| 520 | 8 | _aFocusing on the economic reforms adopted under Mubarak, Roberto Roccu provides the first account of the deeper socio-economic dynamics that made the 2011 Egyptian revolution possible. | |
| 600 | 1 |
_aMubārak, Muḥammad Ḥusnī, _d1928- |
|
| 650 | _2BUEsh | ||
| 651 | 0 |
_aEgypt _xEconomic conditions _y21st century. _2BUEsh |
|
| 651 | 0 |
_aEgypt _xPolitics and government _y21st century. _2BUEsh |
|
| 651 | 0 |
_aEgypt _xHistory _yProtests, 2011- _2BUEsh _936450 |
|
| 653 |
_bBUSBOL _cMay2015 |
||
| 655 |
_vreading book _934232 |
||
| 942 |
_2ddc _k330.962055 ROC |
||
| 999 |
_c19389 _d19361 |
||